Made Of... : New Materials Sourcebook for Architecture and Design /

Guardado en:
Detalles Bibliográficos
Otros Autores: Sauer, Christiane (Editor)
Formato: Libro
Lenguaje:inglés
Publicado: Berlin : Gestalten, 2010
Edición:1. vydanie
Materias:
Etiquetas: Agregar Etiqueta
Sin Etiquetas, Sea el primero en etiquetar este registro!

MARC

LEADER 00000nam a22000003a 4500
001 0031512
003 SK-STU
005 20190325164433.0
007 ta
008 180301s ----xo-----e------000-0-----d
020 |a 978-3-89955-289-8 
040 |a STU  |b slo 
041 0 |a eng 
044 |a gw 
100 1 |a Sauer, Christiane  |4 edt 
245 1 0 |a Made Of... :  |b New Materials Sourcebook for Architecture and Design /  |c ed. Christiane Sauer 
250 |a 1. vydanie 
260 |a Berlin :  |b Gestalten,  |c 2010 
300 |a 239 s. 
650 0 7 |a stavebné materiály 
650 0 7 |a obytné budovy 
650 0 7 |a občianske budovy 
650 0 7 |a architektúra 
650 0 7 |a dizajn a materiál 
996 |b 284AU07270  |c A* 10519/U  |l AAKNST  |s P  |a 0  |w 0031512_0001